Normal view
MARC view
Entry Personal Name
001 - CONTROL NUMBER
- control field: 1702
003 - CONTROL NUMBER IDENTIFIER
- control field: csc
005 - DATE AND TIME OF LATEST TRANSACTION
- control field: 20140507162102.0
008 - FIXED-LENGTH DATA ELEMENTS
- fixed length control field: 140507|| aca||aabn | a|a d
040 ## - CATALOGING SOURCE
- Original cataloging agency: csc
- Transcribing agency: csc
100 ## - HEADING--PERSONAL NAME
- Personal name: Heylin, Clinton.
670 ## - SOURCE DATA FOUND
- Source citation: Work cat.: (csc)0: Heylin, Clinton., E Street shuffle :, 2012.